La Chine m'inquiète : pastiches.

Saved in:
Bibliographic Details
Main Author: Curtis, Jean-Louis, 1917-
Format: Book
Language:French
Published: Paris : Grasset, 1972.
Subjects:
LEADER 00681nam a2200193ra 4500
001 c000344524
003 CARM
005 00000000000000.0
008 851003s1972 fr 00000 fre d
019 1 |a 3723363  |5 LACONCORD2021 
035 |a (OCoLC)777262  |5 LACONCORD2021 
100 1 |a Curtis, Jean-Louis,  |d 1917- 
245 1 3 |a La Chine m'inquiète :  |b pastiches. 
260 |a Paris :  |b Grasset,  |c 1972. 
300 |a 268 p. 
650 0 |a Parodies, French. 
852 8 |b CARM  |h A1:AN15A0  |i A04622  |p 0411182  |f BK 
999 f f |i d582313a-b0e4-5b3c-84d0-223ae0485099  |s 647c6072-269e-5d24-b358-59a98934000a 
952 f f |p Can circulate  |a CAVAL  |b CAVAL  |c CAVAL  |d CARM 1 Store  |e A04622  |f A1:AN15A0  |h Other scheme  |i book  |m 0411182